Canada Provinces And Territories - Statistics

General Stats
  • This quiz has been taken 11 times
  • The average score is 10 of 13
Answer Stats
Territory Or Province Answer % Correct
Province Alberta
90%
Province British Columbia
90%
Province Newfoundland and Labrador
90%
Province Ontario
90%
Province Manitoba
80%
Province New Brunswick
80%
Province Nova Scotia
80%
Province Saskatchewan
80%
Territory Yukon
80%
Territory Northwest Territories
70%
Territory Nunavut
70%
Province Prince Edward Island
70%
Province Quebec
70%
No matching quizzes found
Score Distribution
Percent of People with Each Score
Percentile by Number Answered
Your Score History
You have not taken this quiz